000 00513pab a2200181 454500
008 180718b2009 xxu||||| |||| 00| 0 eng d
100 _aVinod Kumar
245 _aDevelopment strategy for remote and backward hilly region: a case of Cuhar valley in Himachal Pradesh
260 _c2009
300 _ap.55-69.
362 _aJan-Dec
650 _aBackward areas - India - Himachal Pradesh
650 _aBackward areas
700 _aSharma, K.D.
773 _aIASSI Quarterly
908 _aN
909 _a86969
999 _c86969
_d86969